Iron Maiden, Judas Priest, Black Sabbath & Metallica Albums Quiz - Statistics

General Stats
  • This quiz has been taken 215 times
  • The average score is 41 of 66
Answer Stats
Hint Answer % Correct
'70 Black Sabbath
95%
'84 Ride the Lightning
91%
'86 Master of Puppets
90%
'70 Paranoid
90%
'80 Iron Maiden
89%
'83 Kill 'Em All
88%
'82 The Number of the Beast
88%
'91 Metallica
87%
'88 ...And Justice for All
85%
'96 Load
84%
'84 Powerslave
84%
'81 Killers
83%
'97 Reload
81%
'92 Fear of the Dark
80%
'86 Somewhere in Time
79%
'90 Painkiller
78%
'88 Seventh Son of a Seventh Son
78%
'80 British Steel
77%
'83 Piece of Mind
77%
'03 St. Anger
74%
'80 Heaven and Hell
73%
'00 Brave New World
70%
'08 Death Magnetic
69%
'71 Master of Reality
68%
'82 Screaming for Vengeance
68%
'21 Senjutsu
67%
'15 The Book of Souls
66%
'95 The X Factor
66%
'74 Rocka Rolla
64%
'73 Sabbath Bloody Sabbath
64%
'23 72 Seasons
63%
'03 Dance of Death
63%
'90 No Prayer for the Dying
63%
'16 Hardwired... to Self-Destruct
60%
'72 Vol 4
60%
'86 Turbo
59%
'13 13
58%
'84 Defenders of the Faith
57%
'81 Mob Rules
57%
'10 The Final Frontier
57%
'06 A Matter of Life and Death
56%
'98 Virtual XI
56%
'75 Sabotage
55%
'76 Sad Wings of Destiny
54%
'78 Stained Class
53%
'77 Sin After Sin
51%
'18 Firepower
50%
'24 Invincible Shield
50%
'78 Never Say Die!
50%
'88 Ram It Down
50%
'08 Nostradamus
48%
'81 Point of Entry
48%
'76 Technical Ecstasy
48%
'83 Born Again
46%
'78 Killing Machine
43%
'05 Angel of Retribution
42%
'97 Jugulator
42%
'92 Dehumanizer
41%
'89 Headless Cross
39%
'90 Tyr
39%
'86 Seventh Star
37%
'01 Demolition
34%
'14 Redeemer of Souls
33%
'94 Cross Purposes
30%
'95 Forbidden
30%
'87 The Eternal Idol
28%
No matching quizzes found
Score Distribution
Percent of People with Each Score
Percentile by Number Answered
Your Score History
You have not taken this quiz